Queen's english with word power : (Record no. 101545)

MARC details
000 -LEADER
fixed length control field 00513nam a22001817a 4500
005 - DATE AND TIME OF LATEST TRANSACTION
control field 20160803112150.0
010 ## - LCCN (DPL NO)
LC control number ENG-115563
020 ## - INTERNATIONAL STANDARD BOOK NUMBER
International Standard Book Number 9788173819957
Terms of availability 215.00
035 ## - SYSTEM CONTROL NUMBER
System control number EN-99095
037 ## - SOURCE OF ACQUISITION
Source of stock number/acquisition DBAD/PUB
082 ## - DEWEY DECIMAL CLASSIFICATION NUMBER
Classification number 485
100 ## - MAIN ENTRY--PERSONAL NAME
Personal name Das,P.C.
245 ## - TITLE STATEMENT
Title Queen's english with word power :
Statement of responsibility, etc by P.C. Das
260 ## - PUBLICATION, DISTRIBUTION, ETC. (IMPRINT)
Place of publication, distribution, etc New Delhi
Name of publisher, distributor, etc New Central Book Agency
Date of publication, distribution, etc 2016
270 ## - ADDRESS
Address 8/1,Chintamoni Das Lane
City Kolkata
Postal code 700009
300 ## - PHYSICAL DESCRIPTION
Extent 462p.
Dimensions 24cm(pbk)
942 ## - ADDED ENTRY ELEMENTS (KOHA)
Source of classification or shelving scheme Dewey Decimal Classification
Item type English Books
Classification part 485
Call number suffix DAS
Holdings
Withdrawn status Lost status Not for loan Collection code Home library Current library Date acquired Source of acquisition Cost, normal purchase price Full call number Barcode Copy number Cost, replacement price Koha item type
    Not For Loan Non-fiction D.B.Act.Division Bawana 28/07/2016 DBAD/PUB 215.00 485 DAS EN-99095 1 215.00 English Books

© Delhi Public Library
Hit Counter
free hit counter